La Rota española
Na minha lista:
| Autor principal: | |
|---|---|
| Formato: | Livro |
| Idioma: | espanhol |
| Publicado em: |
Madrid, España
Consejo Superior de Investigaciones Científicas
1946
|
| Assuntos: | |
| Tags: |
Adicionar Tag
Sem tags, seja o primeiro a adicionar uma tag!
|
MARC
| LEADER | 00000nam a2200000 a 4500 | ||
|---|---|---|---|
| 001 | UCV0105 | ||
| 003 | CL-VaPUC | ||
| 005 | 20241204160113.0 | ||
| 008 | 880325e19460000SP |||||||||||||||||spa|d | ||
| 999 | |c 208846 |d 208844 | ||
| 040 | |c Pontificia Universidad Católica de Valparaíso | ||
| 082 | 0 | 4 | |a 262.9 CAN 1946 |2 21 |
| 100 | 0 | |a Cantero, Pedro |e author |9 294839 | |
| 245 | 1 | 3 | |a La Rota española |
| 260 | |a Madrid, España |b Consejo Superior de Investigaciones Científicas |c 1946 | ||
| 300 | |a 259 páginas | ||
| 583 | |a last modification |c 19880325 00:00:00 |k Rodrigo Vera | ||
| 650 | 0 | |a Tribunales eclesiásticos |z ESPAÑA |9 254931 | |
| 852 | |a BIBDER | ||
| 942 | |c BK |2 ddc | ||
| 945 | |d 19880325 00:00:00 | ||
| 952 | |0 0 |1 0 |4 0 |6 262_900000000000000_CAN_1946 |7 0 |8 A |9 183790 |a BIBDER |b BIBDER |d 2019-11-14 |i 2501678 |o 262.9 CAN 1946 |p 2501678 |r 2023-01-25 |w 2019-11-14 |y BK |k DER | ||